| 000 | 00700nas a2200241 4500 | ||
|---|---|---|---|
| 001 | BR7302272 | ||
| 003 | BR-BrBNA | ||
| 005 | 20231205082426.0 | ||
| 007 | ta | ||
| 008 | 230509b bl.|||p| |||| 00| 00por d | ||
| 040 |
_aBR-BrBNA _bpor _cBiblioteca Nacional de Agricultura |
||
| 041 | _a(Pt) | ||
| 072 | _aF50; F70 | ||
| 100 | 1 | _aBicudo, C.E. | |
| 100 | 1 | _aBicudo, R.M.T. | |
| 245 | 1 | _aContribuicao ao conhecimento das Desmidiaceae do Parque do Estado, Sao Paulo, 2 [Brasil; Alga] | |
| 650 | _aTAXONOMIA VEGETAL | ||
| 650 | _aALGA | ||
| 650 | _aSAO PAULO | ||
| 773 | 0 |
_tRickia (Brazil) _x _g(1965), v. 2 p. 39-54 _wBR7302272 |
|
| 909 |
_a202311 _bLúcia _c55 _dLúcia Elande |
||
| 942 |
_2AGRIS _n0 _cANA |
||
| 999 |
_c91686 _d91686 |
||